Postavenie indiánskeho obyvateľstva v Andskom regióne v sociálno-ekonomických súvislostiach bakalárska práca

Saved in:
Bibliographic Details
Main Author: Moncmanová, Daniela
Corporate Author: Fakulta medzinárodných vzťahov EU. Katedra medzinárodných ekonomických vzťahov a hospodárskej diplomacie
Other Authors: Janubová, Barbora, 1991-
Format: Book
Language:Slovak
Published: Bratislava 2018
Tags: Add Tag
No Tags, Be the first to tag this record!

MARC

LEADER 00000nbm a2200000 4500
001 0244548
005 20180810103355.4
041 0 |a slo 
044 |a SK 
245 1 0 |a Postavenie indiánskeho obyvateľstva v Andskom regióne v sociálno-ekonomických súvislostiach  |b bakalárska práca  |c Daniela Moncmanová ; školiteľ: Barbora Janubová 
264 1 |a Bratislava  |c 2018 
300 |a 52 s. 
100 1 |a Moncmanová, Daniela 
700 1 |a Janubová, Barbora, 1991- 
710 2 |a Fakulta medzinárodných vzťahov EU. Katedra medzinárodných ekonomických vzťahov a hospodárskej diplomacie